|
|
|
|
| LEADER |
00000cam a2200000 7i4500 |
| 001 |
0000032115 |
| 005 |
20151222.0 |
| 008 |
120515 |
| 020 |
|
|
|a 1405212853
|
| 090 |
0 |
0 |
|a JF
|b ENG
|
| 100 |
1 |
|
|a Gavin, Jamila
|
| 245 |
1 |
0 |
|a Grandpa Chatterji
|c Jamila Gavin
|
| 260 |
|
|
|a London :
|b Egmont ,
|c 2006
|
| 500 |
|
|
|a Children ages 7-9 years old (orange)
|
| 650 |
|
0 |
|a Children stories
|
| 999 |
|
|
|a 0001046305
|b Book
|c Children Collection
|e Cawangan Segamat
|
| 999 |
|
|
|a 0001046306
|b Book
|c Children Collection
|e Perbadanan Perpustakaan Awam Johor
|
| 999 |
|
|
|a 0001046307
|b Book
|c Children Collection
|e Perbadanan Perpustakaan Awam Johor
|
| 999 |
|
|
|a 0001046308
|b Book
|c Children Collection
|e Perbadanan Perpustakaan Awam Johor
|